Réfs de Friends - E - Statistiques

Statistiques générales
  • Ce quiz a été pris 236 fois
  • Le résultat moyen est 11 sur 16
Statistiques - réponses
Par images Hint Réponse % Correct
Prénom Emily
98%
Par où essayent-ils de faire passer le canapé ? Escalier
98%
Prénom Emma
96%
Langue qu'il apprend Espagnol
94%
Événement Enterrement
87%
Prénom Estelle
81%
Ce qu'elle est en train de tricoter Echarpe
77%
Prénom Eddie
75%
À quoi sont-ils suspendus ? Echelle
72%
Prénom Erica
72%
Réplique C'est un mirage auditif ou j'ai vraiment {entendu} ?
61%
Prénom Elizabeth
55%
Imitation E.T.
53%
Réplique Quelle coïncidence, moi j'{écoute} pendant mon sommeil
49%
Prénom Earl
17%
Prénom Ellen
11%
Aucun quiz correspondant
Distribution des résultats
% des personnes avec chaque résultat
Percentile par nombre de réponses
Votre historique - résultats
Vous n’avez pas pris ce quiz